| 000 | 00000nam##2200000za#4500 |
| 001 | 9.571485 |
| 003 | CaOODSP |
| 005 | 20210624182739 |
| 007 | cr ||||||||||| |
| 008 | 150406|2005||||xxc|||||o f|0| 0 eng|d |
| 040 | |aCaOODSP|beng |
| 043 | |an-cn--- |
| 086 | 1 |aTU3-5/05-27E-PDF |
| 110 | 2 |aTransportation Safety Board of Canada. |
| 245 | 10|aHard landing – aircraft overturned, Stinson 108-1 C-FEXL, Burntwood River Seaplane Base, Thompson, Manitoba, 18 June 2005 |h[electronic resource] |
| 260 | |aGatineau - Quebec : |bTransportation Safety Board of Canada |c[2006]. |
| 300 | |a6p.|bmap |
| 490 | 1 |aAviation investigation report |vA05C0109 |
| 500 | |a"The Board authorized the release of this report on 22 February 2006."--Page 5 of 6. |
| 590 | |a12-20-Supp|b2012-05-09 |
| 775 | 08|tAmerrissage dur et capotage du Stinson 108-1 C-FEXL, à l'hydrobase de Burntwood River à Thompson (Manitoba), le 18 juin 2005 |w(CaOODSP)9.602078 |
| 830 | #0|aAviation investigation report ;|vA05C0109|w(CaOODSP)9.504825 |
| 856 | 40|ahttp://publications.gc.ca|qPDF|s530 KB|uhttps://publications.gc.ca/collections/collection_2011/bst-tsb/TU3-5-05-27-eng.pdf|yA05C0109 |